|
|
|
|
| LEADER |
00957nab#a2200349#ar4500 |
| 001 |
000098913 |
| 003 |
SVKKK |
| 005 |
20091204065012.0 |
| 008 |
090619c2009 xo |||||||||||||||b|slo |
| FMT |
|
|
|
| 015 |
|
|
|a SNBRB2009/12
|
| 038 |
|
|
|a SVKKK
|
| 040 |
|
|
|a SVKKK
|b slo
|e AACR2
|
| 041 |
0 |
|
|a cze
|b eng
|b cze
|
| 044 |
|
|
|a xo
|c SK
|
| 080 |
|
|
|a 621.791.044:621.791
|2 1997
|
| 080 |
|
|
|a 621.791
|2 1997
|
| 100 |
1 |
|
|a Kuběnka, Martin
|4 aut
|
| 245 |
1 |
0 |
|a Praktické zkušenosti s navářovaním páskovými elektrodami
|c Martin Kuběnka
|
| 300 |
|
|
|b Obr., tab.
|
| 504 |
|
|
|a Bibliogr. odkazy
|
| 546 |
|
|
|a Res. angl., čes.
|
| 650 |
0 |
4 |
|a zváranie
|x páskové elektródy
|x prídavné materiály
|
| 650 |
0 |
4 |
|a páskové elektródy
|x naváranie
|x výskumy
|
| 773 |
0 |
|
|t Zváranie = Svařování
|g Roč. 58, č. 7-8 (2009), s. 181-184
|x 0044-5525
|
| 958 |
|
|
|a NB
|
| 974 |
|
|
|a MI
|
| 992 |
|
|
|a RBX
|
| BAS |
|
|
|
| 852 |
|
|
|a SVKKK
|b BIB
|
| EXP |
|
|
|
| 998 |
|
|
|a HUT
|